000 00528nam a2200169 a 4500
005 20140412111302.0
008 001115s19uu xx 00 eng d
020 _a0-679-82185-6
050 _aM 970.01
_bHi645 1991
100 _aHills, Ken
245 _aThe Voyages of Columbus /
_cKen Hills ; illustrated by Paul Wright and others.
260 _aNew York :
_bHouse,
_c1991.
300 _a32 p. ; col. ; ill.
650 _aColumbus, Christopher
650 _aExplorers, America - Discovery and exploration
999 _c103433
_d103433